000 00320nam a2200133Ia 4500
008 210210b1984 xxu||||| |||| 00| 0 eng d
082 _a378.04 FIVP
100 _a-
245 _aFive years of Autonomy.
260 _aMadras.
_bLoyola College.,
_c1984
300 _aii,222
690 _aHigher Education
906 _a037145
999 _c87542
_d87542